000 00811nam a2200217 i 4500
001 70522
003 ES-MaACL
005 20250604062624.0
007 t|
008 040727s1969 sp ||||1| spa d
100 1 _aGarcía Venero, Maximiano.
_955393
245 1 0 _aEduardo Dato
_b: vida y sacrificio de un gobernante conservador /
_cpor Maximiano García Venero.
260 _a[Vitoria] :
_bDiputación Foral de Álava, Consejo de Cultura,
_c[1969]
300 _a376 p., 14 lám. ;
_c25 cm.
600 1 4 _aDato, Eduardo,
_d1856-1921
_942789
651 0 _aEspaña-
_xHistoria-
_y1885-1902, Regencia de Maria Cristina de Habsburgo.
_98270
651 4 _aEspaña-
_xHistoria-
_y1902-1931, Alfonso XIII
_98276
710 1 _aÁlava.
_bConsejo de Cultura.
_91309
852 _aES-MaACL
_jC-37707
999 _c70522
_d70522